000 00440nam a2200181Ia 4500
003 OSt
005 20260324151148.0
008 250729s2010 xx 000 0 und d
040 _cAL
041 _aeng
082 _a930.7 RAGH
100 _aM.Raghavendra Prabu
_9230489
245 _aHistory II p u text book
260 _aMangalore
_bJai Bhatrath Prakashan
_c2010
300 _a363p
650 _aHistory
_9230490
942 _2ddc
_cBED
999 _c238807
_d238807